01264na a2200349 450000100060000000300080000600500170001400800410003102000180007203500100009004100080010008200250010809000230013310000170015624501230017324600270029624600580032326000240038130000420040549000260044750400200047365000400049365000430053365000460057665000490062265100380067165100420070994200130075104000250076495201080078999900170089724189MIRAKIL20181226104236.0181005b tu 000 0  a9789759876975 a14721 atur a324.9561 bT85s 2009 a324.9561 T85s 2009 aTuncer, Erol aSeçim 2009b29 Mart 2009 il genel meclisi ve belediye seçimleri : sayısal ve siyasal değerlendirmecErol Tuncer a2009 yerel seçimleri a29 Mart 2009 il genel meclisi ve belediye seçimleri aAnkarabTESAVc2009 axvi, 453 s.bgrf., hrt., tbl.c24 sm. aTESAV yayınlarıv33 aKaynakça var. aSiyasal tarihy2009-2014zTürkiye aSiyasal partilerx2009-2014zTürkiye aYerel yönetimlerxSeçimlerzTürkiye aYerel seçimleryİstatistiklerzTürkiye aTürkiyexYerel seçimler, 2009 aTürkiyexYerel yönetimy2009-2014 2ddccBKS aMilasbturcTR-AnCHP 50a0002b0002d2018-06-12l0o324.9561 T85s 2009pP00050r2018-06-12 00:00:00v0.00w2018-06-12x yBKS c11866d11866